Mikroekonomická politika štátu v oblasti zdravotnej starostlivosti diplomová práca

Na minha lista:
Detalhes bibliográficos
Autor principal: Petríková, Lucia
Autor Corporativo: Národohospodárska fakulta EU. Katedra ekonómie
Outros Autores: Veselková, Alexandra
Formato: Livro
Idioma:eslovaco
Publicado em: Bratislava 2019
Tags: Adicionar Tag
Sem tags, seja o primeiro a adicionar uma tag!

MARC

LEADER 00000nbm a2200000 4500
001 0255035
005 20190715133456.7
041 0 |a slo 
044 |a SK 
245 1 0 |a Mikroekonomická politika štátu v oblasti zdravotnej starostlivosti  |b diplomová práca  |c Lucia Petríková ; školiteľ: Alexandra Veselková 
264 1 |a Bratislava  |c 2019 
300 |a 92 s. 
100 1 |a Petríková, Lucia 
700 1 |a Veselková, Alexandra 
710 2 |a Národohospodárska fakulta EU. Katedra ekonómie